|
|
|
|
| LEADER |
00999nam a2200253 u 4500 |
| 001 |
10117323 |
| 003 |
upatras |
| 005 |
20230523115220.0 |
| 008 |
150902s2002 gr gre |
| 020 |
|
|
|a 9604060961
|
| 040 |
|
|
|a GR-PaULI
|c GR-PaULI
|
| 041 |
0 |
|
|a gre
|
| 082 |
1 |
4 |
|a 889.834
|2 23
|
| 100 |
1 |
|
|a Δήμου, Νίκος,
|d 1935-
|4 aut
|9 6806
|
| 245 |
1 |
0 |
|a Ο καθρέφτης
|c Νίκος Δήμου
|
| 260 |
|
|
|a Αθήνα
|b Ελληνικά Γράμματα
|c 2002
|
| 300 |
|
|
|a 99 σ.
|b εικ.
|c 20 εκ.
|
| 490 |
0 |
|
|a Γραφές της αθωότητας
|
| 760 |
0 |
|
|a Γραφές της αθωότητας
|
| 852 |
|
|
|a GR-PaULI
|b ΠΑΤΡΑ
|b ΒΚΠ
|b ΔΩΡ
|k ΑΣΧΕ
|h 889.834 ΔΗΜ
|m 126142
|p 025000244884
|t 1
|g ΒΑΛ
|
| 942 |
|
|
|2 ddc
|c BK15
|
| 952 |
|
|
|0 0
|1 0
|2 ddc
|4 0
|6 889_834000000000000_ΔΗΜ
|7 0
|8 FIC
|9 183116
|a LISP
|b LISP
|c DON
|d 2016-04-24
|e ΒΑΛ
|i 126142
|l 0
|o 889.834 ΔΗΜ
|p 025000244884
|r 2016-04-24 00:00:00
|t 1
|w 2016-04-24
|y BK15
|
| 998 |
|
|
|c ΓΚΟΓΚΟΥ
|d 2015-09
|
| 999 |
|
|
|c 112988
|d 112988
|